The dagger of Islam / (Record no. 19578)

MARC details
000 -LEADER
fixed length control field 00765nam a2200265 i 4500
001 - CONTROL NUMBER
control field 4672974
003 - CONTROL NUMBER IDENTIFIER
control field BDDh-ASL
005 - DATE AND TIME OF LATEST TRANSACTION
control field 20231015025805.0
008 - FIXED-LENGTH DATA ELEMENTS--GENERAL INFORMATION
fixed length control field 800701s1979 enkacf b 001 0 eng
010 ## - LIBRARY OF CONGRESS CONTROL NUMBER
LC control number 80483272
015 ## - NATIONAL BIBLIOGRAPHY NUMBER
National bibliography number GB80-00565
020 ## - INTERNATIONAL STANDARD BOOK NUMBER
International Standard Book Number 0722153694 (pbk.) :
Terms of availability £1.00
040 ## - CATALOGING SOURCE
Original cataloging agency DLC
Transcribing agency DLC
Modifying agency BDDh-ASL
050 00 - LIBRARY OF CONGRESS CALL NUMBER
Classification number BP163
Item number .L28
082 00 - DEWEY DECIMAL CLASSIFICATION NUMBER
Classification number 297.09
Edition number 19
Item number LAD
100 1# - MAIN ENTRY--PERSONAL NAME
Personal name Laffin, John.
245 14 - TITLE STATEMENT
Title The dagger of Islam /
Statement of responsibility, etc. [by] John Laffin.
260 ## - PUBLICATION, DISTRIBUTION, ETC.
Place of publication, distribution, etc. London :
Name of publisher, distributor, etc. Sphere,
Date of publication, distribution, etc. 1979.
300 ## - PHYSICAL DESCRIPTION
Extent [7], 184 p., [8] p. of plates :
Other physical details ill., ports. ;
Dimensions 18 cm.
500 ## - GENERAL NOTE
General note Includes index.
504 ## - BIBLIOGRAPHY, ETC. NOTE
Bibliography, etc. note Bibliography: p. 175-177.
650 #0 - SUBJECT ADDED ENTRY--TOPICAL TERM
Topical term or geographic name entry element Islam
Chronological subdivision 20th century.
906 ## - LOCAL DATA ELEMENT F, LDF (RLIN)
a 7
b cbc
c orignew
d 4
e ncip
f 19
g y-gencatlg
942 ## - ADDED ENTRY ELEMENTS (KOHA)
Source of classification or shelving scheme Dewey Decimal Classification
Koha item type Books
Holdings
Withdrawn status Lost status Source of classification or shelving scheme Damaged status Not for loan Collection code Home library Current library Shelving location Date acquired Source of acquisition Total Checkouts Full call number Barcode Date last seen Copy number Price effective from Koha item type Public note
    Dewey Decimal Classification   Not For Loan Non-fiction Asiatic Society Library Asiatic Society Library Ludden Collection 12/13/2020 Donated by Prof. David Ludden   297.09 LAD 102931 12/13/2020 C-1 12/13/2020 Books RARE

Powered by Koha